Poistný vzťah v kontexte spoločensko-ekonomických zmien

Gespeichert in:
Bibliographische Detailangaben
1. Verfasser: Ondruška, Tomáš, 1988-
Körperschaft: Ekonomická univerzita v Bratislave. Národohospodárska fakulta
Weitere Verfasser: Pastoráková, Erika, 1972-, Brokešová, Zuzana, 1985-, Jurkovičová, Monika, Čejková, Viktória, Vávrová, Eva, Tatár, Marian
Format: Buch
Sprache:Slowakisch
Veröffentlicht: Bratislava Vydavateľstvo EKONÓM 2016
Ausgabe:1. vyd.
Schlagworte:
Tags: Tag hinzufügen
Keine Tags, Fügen Sie das erste Tag hinzu!

MARC

LEADER 00000nam a2200000 4500
001 0225343
005 20240523105943.4
020 |a 978-80-225-4287-6 
041 0 |a slo 
044 |a SK 
245 1 0 |a Poistný vzťah v kontexte spoločensko-ekonomických zmien  |c Tomáš Ondruška ... [et al.] ; recenzenti: Viktória Čejková ... [et al.] 
250 |a 1. vyd. 
264 1 |a Bratislava  |b Vydavateľstvo EKONÓM  |c 2016 
300 |a 165 s. [9,02 AH] 
610 2 0 |a poisťovníctvo 
610 2 0 |a spotrebitelia 
610 2 0 |a poistenie životné 
610 2 0 |a poistenie neživotné 
610 2 0 |a ekonómia behaviorálna 
610 2 0 |a systémy dôchodkové 
610 2 0 |a riziko poistné 
610 2 0 |a trh poistný 
100 1 |a Ondruška, Tomáš, 1988- 
700 1 |a Pastoráková, Erika, 1972- 
700 1 |a Brokešová, Zuzana, 1985- 
700 1 |a Jurkovičová, Monika 
700 1 |a Čejková, Viktória 
700 1 |a Vávrová, Eva 
700 1 |a Tatár, Marian 
710 2 |a Ekonomická univerzita v Bratislave. Národohospodárska fakulta